[Event "WLS-ch"]
[Site "Ogmore-by-Sea"]
[Date "1992.04.21"]
[Round "7"]
[White "Sullivan, Jason D"]
[Black "Gilbert, Jonathan A"]
[Result "1/2-1/2"]
[WhiteElo "2090"]
[BlackElo "2060"]
[PlyCount "32"]
[EventDate "1992.04.17"]
[EventType "swiss"]
[EventRounds "7"]
[EventCountry "WLS"]
[SourceTitle "BritBase"]
[Source "John Saunders"]
[SourceDate "2024.03.28"]
[SourceVersion "1"]
[SourceVersionDate "2024.03.28"]
[SourceQuality "1"]

1. e4 c6 2. d4 d5 3. exd5 cxd5 4. Bd3 Nc6 5. c3 g6 6. Bf4 Bg7 7. Nf3 Nh6 8. O-O
O-O 9. Re1 f6 10. c4 e5 11. cxd5 exf4 12. dxc6 bxc6 13. Qc1 Rb8 14. Qxf4 Rxb2
15. Qc1 Rb6 16. Qc5 Nf5 1/2-1/2

[Event "WLS-ch"]
[Site "Ogmore-by-Sea"]
[Date "1992.04.21"]
[Round "7"]
[White "Thornton, John D"]
[Black "Richmond Garwell, Jane"]
[Result "1-0"]
[WhiteElo "2080"]
[BlackElo "2125"]
[PlyCount "61"]
[EventDate "1992.04.17"]
[EventType "swiss"]
[EventRounds "7"]
[EventCountry "WLS"]
[SourceTitle "BritBase"]
[Source "John Saunders"]
[SourceDate "2024.03.28"]
[SourceVersion "1"]
[SourceVersionDate "2024.03.28"]
[SourceQuality "1"]

1. e4 e6 2. d4 d5 3. Nc3 Bb4 4. e5 c5 5. a3 Bxc3+ 6. bxc3 Qc7 7. Nf3 Ne7 8. a4
b6 9. Bb5+ Bd7 10. O-O Bxb5 11. axb5 a5 12. bxa6 Rxa6 13. Rxa6 Nxa6 14. Qe2 Nb8
15. Ba3 Nd7 16. c4 Qc6 17. cxd5 Qxd5 18. dxc5 Nxc5 19. Rd1 Qe4 20. Qb5+ Qc6 21.
Qxc6+ Nxc6 22. Rd6 Nd8 23. Rxb6 Nd7 24. Ra6 g5 25. Nxg5 Rg8 26. Ne4 Rg4 27. f3
Rxe4 28. fxe4 Nxe5 29. Bd6 Nc4 30. e5 Nxd6 31. Rxd6 1-0

[Event "WLS-ch"]
[Site "Ogmore-by-Sea"]
[Date "1992.04.21"]
[Round "7"]
[White "Evans, David K"]
[Black "Williams, Leighton"]
[Result "1-0"]
[WhiteElo "2050"]
[BlackElo "1900"]
[PlyCount "88"]
[EventDate "1992.04.17"]
[EventType "swiss"]
[EventRounds "7"]
[EventCountry "WLS"]
[SourceTitle "BritBase"]
[Source "John Saunders"]
[SourceDate "2024.03.28"]
[SourceVersion "1"]
[SourceVersionDate "2024.03.28"]
[SourceQuality "1"]

1. e4 e5 2. Nf3 Nc6 3. Bb5 a6 4. Ba4 Nf6 5. Qe2 d6 6. c3 b5 7. Bc2 Bg4 8. O-O
Be7 9. a4 O-O 10. d3 h6 11. Rd1 Nh7 12. h3 Bh5 13. axb5 axb5 14. Rxa8 Qxa8 15.
g4 Bg6 16. d4 exd4 17. Nxd4 Nxd4 18. cxd4 Ng5 19. d5 Bf6 20. h4 Nxe4 21. Bxe4
Re8 22. f3 Qa4 23. Nc3 Qb4 24. h5 Bxe4 25. Nxe4 Bd4+ 26. Kh1 Ra8 27. Qd2 Qxd2
28. Nxd2 Re8 29. Ne4 Be5 30. b4 f5 31. gxf5 Kf7 32. Kg2 Ra8 33. Bd2 Ra2 34. Kf1
Ke7 35. Re1 Kf7 36. Rc1 Ra7 37. Be3 Rb7 38. Ke2 Bb2 39. Rg1 Ba3 40. Bd4 Bxb4
41. Rxg7+ Kf8 42. Rh7 Ba3 43. Rxh6 b4 44. Rf6+ Kg8 {(originally published as L
Williams 1-0 DK Evans but I'm pretty sure that the colours were wrong and that
Evans had White - JS} 1-0